| 000 | 00349nam a2200121Ia 4500 | ||
|---|---|---|---|
| 008 | 220615s9999||||xx |||||||||||||| ||und|| | ||
| 245 | 0 | _aRheology | |
| 546 | _aEnglish[eng] | ||
| 650 | _aFlow, turbulence, rheology | ||
| 700 | _aDe Vicente, Juan | ||
| 856 | _uhttps://mts.intechopen.com/storage/books/1601/authors_book/authors_book.pdf | ||
| 942 | _cEB | ||
| 999 |
_c11206 _d11206 |
||